Größte Städte Franche-Comté (Freigrafschaft Burgund) - Statistiken

Allgemein
  • Dieses Quiz wurde 11 mal gespielt
  • Das Durchschnittsergebnis liegt bei 7 aus 15
Antwortstatistiken
Stadt Bevölkerung (2021) % Korrekt
Besançon 119 598
91%
Belfort 45 155
82%
Montbéliard 25 573
73%
Vesoul 15 130
64%
Lons-le-Saunier 17 043
55%
Pontarlier 17 849
55%
Dole 23 775
45%
Morteau 6 867
45%
Audincourt 13 944
36%
Lure 7 918
36%
Luxeuil-les-Bains 6 659
36%
Champagnole 8 000
27%
Héricourt 10 478
27%
Saint-Claude 8 727
18%
Valentigney 10 765
9%
Keine übereinstimmenden Quizze gefunden
Verteilung der Resultate
Anzahl Personen mit jedem Resultat
Perzentil nach korrekt beantworteten Fragen
Ihre Resultats-Entwicklung
Sie haben dieses Quiz noch nicht gespielt